College Quizbowl Stats
College Quizbowl Stats
Circuits
Seasons
Sets
Records
Detailed Stats
About
Loading...
2024 ACF Regionals @ Minnesota
Tossups
Bonuses
Players
Teams
Categories (Tossup)
Categories (Bonus)
Nicholas Tunks
Minnesota B
Categories
Category
Powers
Gets
Negs
BBs
Points
Earliest Buzz
Avg. Buzz
First Buzzes
Top 3 Buzzes
Social Science
0
2
1
0
15
97
99.50
1
2
History - World History
0
1
0
1
10
132
132.00
0
1
Literature - British Literature
0
1
0
0
10
89
89.00
1
1
Fine Arts - Other Fine Arts
0
1
1
0
5
91
91.00
1
1
Buzzes
Category
Answer
Value
Buzz Position
Fine Arts - Other Fine Arts
Oldboy
-5
48
Literature - British Literature
Joseph Conrad
10
89
Fine Arts - Other Fine Arts
Nina Simone
10
91
Social Science
macroeconomics
-5
96
Social Science
saving
10
97
Social Science
difference-in-differences
10
102
History - World History
Borneo
10
132
Previous
1
Next